Fitness for the good years [

Bibliographic Details
Format: Book
Published: s.l. : s.n. , 19-
Subjects:

MARC

LEADER 00000cam a2200000 7i4500
001 0000001989
002 000002169
005 20021014.0
020 |a 000002169 
090 0 0 |a 613.71   |b FIT 
245 0 0 |a Fitness for the good years [  |h video recording]   |c Liz Pickle and Elaine Usell 
260 |a s.l. :   |b s.n. ,   |c 19- 
300 |a 1 Video recording (50 minutes) :   |b col. 
500 |a Library has 1 copy 
650 0 0 |a Aerobic exercise 
999 |a 00073   |b VIDEO   |c KOLEKSI AUDIO VIDEO   |e PERPUSTAKAAN KOMUNITI PETALING JAYA